Špecifiká riadenia multinacionálnej spoločnosti diplomová práca

Uložené v:
Podrobná bibliografia
Hlavný autor: Kuchariková, Viktória
Korporativný autor: Fakulta podnikového manažmentu EU. Katedra manažmentu
Ďalší autori: Procházková, Katarína, 1983-
Médium: Kniha
Jazyk:Slovak
Vydavateľské údaje: Bratislava 2024
Tagy: Pridať tag
Žiadne tagy, Buďte prvý, kto otaguje tento záznam!

MARC

LEADER 00000nbm a2200000 4500
001 0300977
005 20250905124717.9
041 0 |a slo 
044 |a SK 
245 1 0 |a Špecifiká riadenia multinacionálnej spoločnosti  |b diplomová práca  |c Viktória Kuchariková ; školiteľ: Katarína Procházková 
264 1 |a Bratislava  |c 2024 
300 |a 87 s. 
100 1 |a Kuchariková, Viktória 
700 1 |a Procházková, Katarína, 1983- 
710 2 |a Fakulta podnikového manažmentu EU. Katedra manažmentu